[Event "Tournoi MI Condom 2007"]
[Site "Condom (France)"]
[Date "2007.??.??"]
[Round "9.5"]
[White "Van Elst, Andreas"]
[Black "Lejarre, Ludovic"]
[Result "1/2-1/2"]
[WhiteElo "2294"]
[BlackElo "2359"]
[PlyCount "20"]

1. d4 Nf6 2. Nf3 g6 3. Bf4 Bg7 4. e3 O-O 5. c3 d6 6. h3 Nbd7 7. Nbd2 b6 8. Be2
Bb7 9. O-O Ne4 10. Nxe4 Bxe4 1/2-1/2